The Macdonald encyclopedia of orchids

Bibliographic Details
Main Author: Fanfani, Alberto
Format: Book
Published: London : Macdonald Orbis , 1988
Subjects:

MARC

LEADER 00000cam a2200000 7i4500
001 0000000137
002 000000190
005 20000330.0
020 |a 0356175979 
090 0 0 |a 584.15   |b FAN 
100 0 |a Fanfani, Alberto 
245 1 4 |a The Macdonald encyclopedia of orchids   |c Alberto Fanfani 
260 |a London :   |b Macdonald Orbis ,   |c 1988 
300 |a 255p 
650 0 0 |a Orchids 
999 |a 027942   |b BUKU   |c RUJUKAN   |e PERPUSTAKAAN KOMUNITI PETALING JAYA